Statistics for All Chelsea Managers Ever

Click here to take the quiz!

General Stats

  • This quiz has been taken 506 times
    (103 since last reset)
  • The average score is 15 of 39

Answer Stats

YearsManager% Correct
2004-2007José Mourinho
98%
2013-2015José Mourinho
98%
2023Frank Lampard
96%
2019-2021Frank Lampard
96%
2021-2022Thomas Tuchel
93%
2023—Mauricio Pochettino
90%
2022-2023Graham Potter
87%
2016-2018Antonio Conte
82%
2012Roberto Di Matteo
75%
2018-2019Maurizio Sarri
69%
2009-2011Carlo Ancelotti
65%
2015-2016Guus Hiddink
56%
2009Guus Hiddink
56%
2011-2012André Villas-Boas
54%
2000-2004Claudio Ranieri
50%
1996-1998Ruud Gullit
50%
2012-2013Rafael Benítez
49%
2008-2009Luiz Felipe Scolari
39%
2007-2008Avram Grant
37%
1998-2000Gianluca Vialli
37%
1993-1996Glenn Hoddle
24%
1993David Webb
14%
1991-1993Ian Porterfield
10%
1967-1974Dave Sexton
7%
1961-1967Tommy Docherty
7%
1985-1988John Hollins
6%
1952-1961Ted Drake
6%
1988-1991Bobby Campbell
5%
1979-1981Geoff Hurst
5%
1981-1985John Neal
5%
1978-1979Danny Blanchflower
4%
1975-1977Eddie McCreadie
4%
1905-1906John Tait Robertson
4%
1977-1978Ken Shellito
4%
1906-1907William Lewis
4%
1939-1952Billy Birrell
2%
1907-1933David Calderhead
2%
1974-1975Ron Suart
2%
1936-1939Leslie Knighton
1%

Score Distribution

Percentile by Number Answered

Percent of People with Each Score

Your Score History

You have not taken this quiz since the last reset